<?xml version="1.0" encoding="UTF-8"?><?xml-stylesheet type="text/xsl" href="static/style.xsl"?><OAI-PMH xmlns="http://www.openarchives.org/OAI/2.0/" xmlns:xsi="http://www.w3.org/2001/XMLSchema-instance" xsi:schemaLocation="http://www.openarchives.org/OAI/2.0/ http://www.openarchives.org/OAI/2.0/OAI-PMH.xsd"><responseDate>2026-04-27T13:09:06Z</responseDate><request verb="GetRecord" identifier="oai:uvadoc.uva.es:10324/69155" metadataPrefix="marc">https://uvadoc.uva.es/oai/request</request><GetRecord><record><header><identifier>oai:uvadoc.uva.es:10324/69155</identifier><datestamp>2024-07-25T19:01:24Z</datestamp><setSpec>com_10324_1164</setSpec><setSpec>com_10324_931</setSpec><setSpec>com_10324_894</setSpec><setSpec>col_10324_1331</setSpec></header><metadata><record xmlns="http://www.loc.gov/MARC21/slim" xmlns:doc="http://www.lyncode.com/xoai" xmlns:xsi="http://www.w3.org/2001/XMLSchema-instance" xmlns:dcterms="http://purl.org/dc/terms/" xsi:schemaLocation="http://www.loc.gov/MARC21/slim http://www.loc.gov/standards/marcxml/schema/MARC21slim.xsd">
<leader>00925njm 22002777a 4500</leader>
<datafield tag="042" ind1=" " ind2=" ">
<subfield code="a">dc</subfield>
</datafield>
<datafield tag="720" ind1=" " ind2=" ">
<subfield code="a">Ortega Muñoz, Víctor José</subfield>
<subfield code="e">author</subfield>
</datafield>
<datafield tag="260" ind1=" " ind2=" ">
<subfield code="c">2024</subfield>
</datafield>
<datafield tag="520" ind1=" " ind2=" ">
<subfield code="a">El capítulo analiza la cuestión de la violencia de género durante el franquismo a través de las noticias de sucesos publicados por la periodista pionera de la esta tipología periodística, Margarita Landi, en su etapa en "El Caso", semanario líder durante todo el periodo, que alcanzó gran popularidad entre todas las capas sociales.</subfield>
</datafield>
<datafield tag="024" ind2=" " ind1="8">
<subfield code="a">Ramos Palomo, María Dolores, Barranquero Texeira, Encarnación y Ortega Muñoz, Víctor J. (ed.).Control social, represión y otras violencias sobre las mujeres en las dictaduras ibéricas (1933-1975). Madrid: Dykinson, 202</subfield>
</datafield>
<datafield tag="024" ind2=" " ind1="8">
<subfield code="a">https://uvadoc.uva.es/handle/10324/69155</subfield>
</datafield>
<datafield tag="245" ind1="0" ind2="0">
<subfield code="a">“Mía o de nadie”. Violencia de género y patriarcado en el franquismo: los relatos de prensa de Margarita Landi</subfield>
</datafield>
</record></metadata></record></GetRecord></OAI-PMH>